Biblioteca

Diaconía en el horizonte del reino de Dios : (Registro nro. 70938)

Detalles MARC
000 -LÍDER
Campo fijo de descripción fija 01565nam a2200361 i 4500
001 - NÚMERO DE CONTROL
Campo de control 768714001
003 - IDENTIFICADOR DEL NÚMERO DE CONTROL
Campo de control CO-MdFUSB
005 - FECHA Y HORA DE LA ULTIMA TRANSACCIÓN
control field 20260326143144.0
007 - CAMPO FIJO DE DESCRIPCIÓN FIJA--INFORMACIÓN GENERAL
Campo fijo de descripción fija ta
008 - ELEMENTOS DE LONGITUD FIJA -- INFORMACIÓN GENERAL
Campo fijo de descripción fija -- Información general 240915t1987 sp ||||| |||| 001 0 spa d
020 ## - NÚMERO INTERNACIONAL NORMALIZADO PARA LIBROS
Número Internacional Normalizado del libro 84-293-0772-9
040 ## - FUENTE DE CATALOGACIÓN
Idioma de catalogación spa.
Agencia de catalogación original CO-MdFUSB
Agencia que realiza la transcripción CO-MdFUSB
Agencia que realiza la modificación CO-MdFUSBC
Convenciones de la descripción rda
041 ## - CÓDIGO DE IDIOMA
Código de idioma para texto/pista de sonido o título separado spa
Código de idioma original ger
082 ## - NÚMERO DE CLASIFICACIÓN DECIMAL DEWEY
Número de la edición del Dewey 23
Número de clasificación 254
Clave de autor-Numero de item M729
100 ## - ASIENTO PRINCIPAL--NOMBRE PERSONAL
Nombre personal Moltmann, Jürgen
Término relacionador autor
240 ## - TITULO UNIFORME
Título uniforme <a href="Diakonie im Horizont des Reiches Gottes ">Diakonie im Horizont des Reiches Gottes </a>
245 1# - TÍTULO
Título del Material Diaconía en el horizonte del reino de Dios :
Parte restante del título - Subtitulo hacia el diaconado de todos los creyentes
Mención de responsabilidad, etc. / Jürgen Moltmann ; traducido por Constantino Ruiz Garrido
264 #1 - PRODUCCIÓN, PUBLICACIÓN, DISTRIBUCIÓN, MANUFACTURA, Y COPYRIGHT
Lugar de producción, publicación, distribución, manufactura Santander. España :
Nombre del productor, publicador, distribuidor Sal Terrae,
Fecha de producción, publicación, distribución, manufactura, o copyright [1987]
264 #4 - PRODUCCIÓN, PUBLICACIÓN, DISTRIBUCIÓN, MANUFACTURA, Y COPYRIGHT
Fecha de producción, publicación, distribución, manufactura, o copyright ©1987
300 ## - DESCRIPCIÓN FÍSICA
Extensión 127 páginas
Dimensiones ; 21 cm
336 ## - TIPO DE CONTENIDO
Fuente rdacontent
Término de tipo de contenido texto
Código de tipo de contenido txt
337 ## - TIPO DE MEDIO
Fuente rdamedia
Nombre del tipo de medio sin mediación
Código del tipo de medio n
338 ## - TIPO DE SOPORTE
Fuente rdacarrier
Nombre del tipo de soporte volumen
Código Tipo de soporte nc
490 ## - MENCIÓN DE SERIE
Mención de serie Colección Pastoral
500 ## - NOTA GENERAL
Nota General Incluye índice y nota informativa
505 ## - NOTA DE CONTENIDO
Nota de contenido con formato preestablecido Para una comprensión teológica del cometido actual de la diaconía. -- La diaconía en el horizonte del Reino de Dios. -- La rehabilitación de los impedidos en una sociedad segregadora. -- Liberaos y aceptaos los unos a los otros. -- Medicina para la humanidad del hombre. -- Cuatro tesis para comprender la enfermedad y la salud. -- El «impedido» como lugar teológico.
563 ## - NOTA DE ENCUADERNACIÓN
Nota de encuadernación Rústica
650 #7 - ASIENTO SECUNDARIO DE MATERIA - TERMINO TEMÁTICO
Término temático o nombre geográfico como elemento de entrada Clero --
Término temático que sigue al nombre geográfico como elemento de entrada Actividad política
9 (RLIN) 41
650 #7 - ASIENTO SECUNDARIO DE MATERIA - TERMINO TEMÁTICO
Término temático o nombre geográfico como elemento de entrada Dios
9 (RLIN) 178
700 ## - ASIENTO SECUNDARIO - NOMBRE PERSONAL
Nombre personal Ruiz Garrido, Constantino,
Responsabilidad traductor
9 (RLIN) 10189
942 ## - TIPO DE MATERIAL (KOHA)
Tipo de Item KOHA Libros General
945 ## - INFORMACIÓN LOCAL DEL REGISTRO
Catalogador Catherine Arias Alvarez
Existencias
Estado de Material Estado de Perdido Forma de Clasificación Volumen-Parte/Tomo Estado de Dañado No para Préstamo Colección Tomo Biblioteca de Origen Biblioteca Permanente Fecha de Adquisición Área Total de Préstamos Signatura Topográfica Código de Barras Última vez visto Ejemplar/Existencia Fecha de Remplazo Tipo de Material
    Dewey Decimal Classification       Colección General   Biblioteca FUSBC Biblioteca FUSBC 16/09/2024 MISIONES / EVANGELISMO   G 254 M729d 25011 15/09/2024 Ej. 1 15/09/2024 Libros General

Biblioteca FUSBC | Teléfono: (57+4) 349 88 10 Ext. 141| WhatsApp (+57) 3005338115 
E-mail: biblioteca@unisbc.edu.co | Calle 76 87-14 Robledo Palenque, Medellín, Colombia

Con tecnología Koha